000 01030nam a2200301Ia 4500
003 OSt
005 20221006153722.0
006 a|||||r|||| 00| 0
007 ta
008 221006b |||||||| |||| 00| 0 eng d
020 _a0520245792
_c¥8500(each)
024 _a33,130
037 _bGift, Japan Foundation
_cAnnuals, Advances
040 _aEASL
_cEASL
_beng
041 _2eng
_aeng
082 _aY12:4.42, P6-;1
100 _aAmbaras David R. Au.
_9665104
245 0 _aBad youth
_b Juvenile delinquency and the politics of everyday life in modern Japan
260 _aBerkeley
_bUniversity of California Press
_c2006
300 _axii,297p.
_ccm.
490 _v JEL
650 _a Japan social conditions
_9582428
650 _a Social change Japan
_9665105
650 _a Social control Japan
_9665106
650 _aProblem youth government policy Japan history
_9665107
942 _hY12:4.42, P6-;1
_cREF
_2CC
999 _c1101216
_d1101216